Toàn tập Đặng Thai Mai; T3

Na minha lista:
Detalhes bibliográficos
Autor principal: Đặng Thai Mai
Formato: Livro
Idioma:Undetermined
Publicado em: Hà Nội Văn học 1997
Assuntos:
Tags: Adicionar Tag
Sem tags, seja o primeiro a adicionar uma tag!
Thư viện lưu trữ: Trung tâm Học liệu Trường Đại học Cần Thơ
LEADER 00490nam a2200169Ia 4500
001 CTU_23028
008 210402s9999 xx 000 0 und d
082 |a 895.922008 
082 |b M103/T3 
100 |a Đặng Thai Mai 
245 0 |a Toàn tập Đặng Thai Mai; T3 
245 0 |c Đặng Thai Mai 
260 |a Hà Nội 
260 |b Văn học 
260 |c 1997 
650 |a vietnamese literature - 20th century 
980 |a Trung tâm Học liệu Trường Đại học Cần Thơ